Собрание сочинений в 3 томах. Т. 2: Торгаши и герои | Евреи и экономика (Запись № 1530578)

Подробности
000 -МАРКЕР
контрольное поле 01464nam2a2200301 4500
001 - ИДЕНТИФИКАТОР ЗАПИСИ
контрольное поле RU\NLR\bibl\870830
005 - ИДЕНТИФИКАТОР ВЕРСИИ
контрольное поле 20250614162021.0
010 ## - МЕЖДУНАРОДНЫЙ СТАНДАРТНЫЙ НОМЕР КНИГИ (ISBN)
Номер (ISBN) 5-93615-060-7
021 ## - НОМЕР ГОСУДАРСТВЕННОЙ РЕГИСТРАЦИИ
Код страны Российская Федерация
Номер 2005-41318
Номер Листа государственной регистраци 2050
035 ## - ДРУГИЕ СИСТЕМНЫЕ НОМЕРА
Идентификатор записи (NLR Aleph) 000859450
100 ## - ДАННЫЕ ОБЩЕЙ ОБРАБОТКИ
Данные общей обработки 20051111d2005 |||y0rusy50 ca
101 1# - ЯЗЫК РЕСУРСА
Язык текста, звукозаписи и т.д. русский
Язык оригинала немецкий
102 ## - СТРАНА ПУБЛИКАЦИИ ИЛИ ПРОИЗВОДСТВА
Страна публикации Российская Федерация
105 ## - ПОЛЕ КОДИРОВАННЫХ ДАННЫХ: ТЕКСТОВЫЕ МАТЕРИАЛЫ, МОНОГРАФИЧЕСКИЕ
Кодированные данные о монографическом текстовом документе a |||||||||
200 1# - ЗАГЛАВИЕ И СВЕДЕНИЯ ОБ ОТВЕТСТВЕННОСТИ
Основное заглавие Торгаши и герои
Сведения, относящиеся к заглавию раздумья патриота
Первые сведения об ответственности пер. с нем. Д.В. Кузницын
Основное заглавие Евреи и экономика
Первые сведения об ответственности пер. с нем. А.П. Шурбелев
210 ## - ПУБЛИКАЦИЯ, РАСПРОСТРАНЕНИЕ И ДР.
Дата издания, распространения и т.д. 2005
Место издания, распространения и т.д. Б. м.
215 ## - ФИЗИЧЕСКАЯ ХАРАКТЕРИСТИКА
Специфическое обозначение материала и объем 652, [1] с.
Другие сведения о физической характеристике ил.
300 ## - ОБЩИЕ ПРИМЕЧАНИЯ
Текст примечания Загл. ориг.: Händler und Helden: patriotische Besinnungen; Die Juden und das Wirtschaftsleben
320 ## - ПРИМЕЧАНИЯ О НАЛИЧИИ В ДОКУМЕНТЕ БИБЛИОГРАФИИ / УКАЗАТЕЛЯ
Текст примечания Библиогр.: с. 601-643 (614 назв.)
454 #0 - ОРИГИНАЛ (ПЕРЕВОДА)
Встроенное поле 2001#$aHändler und Helden$epatriotische Besinnungen
Заглавие Händler und Helden
454 #0 - ОРИГИНАЛ (ПЕРЕВОДА)
Встроенное поле 2001#$aDie Juden und das Wirtschaftsleben
Заглавие Die Juden und das Wirtschaftsleben
461 #0 - УРОВЕНЬ НАБОРА
Встроенное поле 001RU\NLR\bibl\897267
-- 2001#$aСобрание сочинений в 3 томах$vТ. 2
Системный номер (АБИС) связанной записи 1687014
Автор Зомбарт, В. (1863-1941)
Место публикации Санкт-Петербург
Дата публикации 2005
Первые сведения об ответственности Вернер Зомбарт
Имя издателя, распространителя и т.д. Владимир Даль
Сведения, относящиеся к заглавию [пер. с нем.]
Заглавие Собрание сочинений в 3 томах
ISBN 5-93615-050-X
Номер тома Т. 2
801 #0 - ИСТОЧНИК ЗАПИСИ
Страна Российская Федерация
Организация NLR
Дата составления 20051111
Правила каталогизации rcr
801 #1 - ИСТОЧНИК ЗАПИСИ
Страна Российская Федерация
Организация NLR
Дата составления 20051111
942 ## - ДОПОЛНИТЕЛЬНЫЕ ЭЛЕМЕНТЫ ЗАПИСИ (АБИС)
Тип экземпляра АБИС Книга
980 ## - КОЛЛЕКЦИЯ
Название коллекции Национальная библиография
Экземпляры
Тип экземпляра Дата поступления Источник поступления Библиотека постоянного хранения Библиотека текущего хранения Место хранения Шифр хранения Штрих-код Статус экземпляра Стоимость
Книга 11.11.2005 Обязательный экземпляр РНБ (Московский) РНБ (Московский) Русский книжный фонд: издания с 1957 года 2005-5/8666 2046881    
Книга 11.11.2005 Обязательный экземпляр РНБ (Московский) РНБ (Московский) Русский книжный фонд: издания с 1957 года 2005-5/8666 2046882    
Книга 10.02.2006 Покупка РНБ (Московский) РНБ (Московский) Фонд общего зала социально-экономической литературы С1 У02(0)/З-821 1-326360   300.00